000 00901nam a22003257a 4500
001 BR9001562
003 BR-BrBNA
005 20230928093418.0
007 ta
008 230509b bl.||||| |||| 00| 0 por d
040 _aBR-BrBNA
_bpor
_cBiblioteca Nacional de Agricultura
041 _a(Por)
072 _aF03
_b3575
090 _ 3575 BR9001562
100 1 _aLordelo, J.A.
100 1 _aPereira, J.
100 1 _aFranca, M.C.
100 1 _aPrata, M. del C.
100 1 _aSantana, R.
100 1 _aPereira, R.M.
110 1 _aCompanhia de Desenvolvimento e Acao Regional, Salvador, BA (Brasil)
_92372
245 1 _aBanco de sementes: projeto tecnologia socialmente apropriada
260 3 _aSalvador, BA (Brasil):
_c1988.
300 _a15 p.
650 _aSEMENTE
650 _aREPRODUCAO VEGETAL
650 _aGERMINACAO
909 _a202309
_bLucia
_c55
_dLucia Elande
942 _cBK
999 _c44833
_d44833